000 01346nam a22002657a 4500
003 URS
005 20240416235047.0
008 240416b |||||||| |||| 00| 0 eng d
050 0 0 _aLG 221.R59 En64
_b2015
100 1 _aEno, Jesami E.
_eResearcher
245 1 0 _aEffects of labor union to the employees of philip morries fortune tobacco corporation
_cJesami E. Eno ; Penny Rose A. Reyes [and] Marichu R. Simon
260 1 _c2015
300 _aviii, 52 leaves
_billustration
_c28cm
336 _2rdacontent
_atext
337 _2rdamedia
_aunmediated
338 _2rdacarrier
_avolume
502 _aUndergraduate Thesis
_bBachelor of Science in Business Administration Major in Human Resources Development Management
_cUniversity of Rizal System, Rodriguez, Rizal
_d2015
520 _aThis study aimed to determine the effects of labor union to the employees of Philip Morris Fortune Tobacco Corporation. The study was conducted during the second Semester of School year 2014-2015. The researchers used the questionnaire checklist to gather information and apply the following statistical treatment.
650 _2Labor union to the employees
700 _aEno, Jesami E.
_eResearcher
700 _aReyes, Penny Rose A.
_eResearcher
700 _aSimon, Marichu R.
_eResearcher
700 _aCababat, Olivia R.
_eAdviser
942 _2lcc
_cT
999 _c78069
_d78068